| 000 | 01242nam a22003497a 4500 | ||
|---|---|---|---|
| 003 | CHAP | ||
| 005 | 20220329141010.0 | ||
| 008 | 971013s1996 r 00010 d | ||
| 010 | _a61068 | ||
| 011 | _a62040 | ||
| 035 | _a66214 | ||
| 040 | _cCHAP | ||
| 090 | _aTesis | ||
| 100 | 0 | 0 |
_aVerano Aquino, Graciela. _9118827 |
| 245 | _aCostos de producción del jitomate (Lycopersicum esculentumm M.) de temporal en Atlatlahuacán, Morelos | ||
| 260 |
_aChapingo, Méx.: _bEl autor, _c1996 |
||
| 300 |
_a69 h. _b; gráfs. ; anexos |
||
| 502 | _aTesis (Lic. en Economía Agrícola) -- UACH. Departamento de Economía Agrícola | ||
| 590 |
_aALEPH _b10 _c20130110 _lUCH01 _h1340 |
||
| 590 |
_aBATCH-UPD _b10 _c20130110 _lUCH01 _h0457 |
||
| 590 |
_aBATCH-UPD _b10 _c20130410 _lUCH01 _h0135 |
||
| 590 |
_aBATCH-UPD _b10 _c20130913 _lUCH01 _h2148 |
||
| 590 |
_aCONVERSION _b10 _c20130109 _lUCH01 _h1333 |
||
| 650 | 1 | 4 |
_aAgricultura de temporal. _91999 |
| 650 | 1 | 4 |
_aTomate _xAspectos económicos. _9113681 |
| 650 | 1 | 4 |
_aTomate _xCostos de producción. _9113701 |
| 650 | 1 | 4 |
_aTomate _xMorelos. _9113744 |
| 901 | _aBK | ||
| 942 | _cFOLL | ||
| 949 |
_bBC _cTES _d-151373 _eTS1 _h29220 _i66214 _si |
||
| 949 |
_bBC _cTES _d33724000620670 _eTS2 _fc.2 _h29221 _i66214 _si |
||
| 999 |
_c61068 _d61068 |
||